Números de oxidación - Estadísticas

Estadísticas generales
  • Esta prueba ha sido intentada 928 veces
  • La puntuación promedio es 27 de 49
Estadísticas de respuestas
Elemento Respuesta % Correcto
Litio +1
95%
Potasio +1
95%
Rubidio +1
95%
Cesio +1
95%
Sodio +1
94%
Francio +1
94%
Berilio +2
94%
Calcio +2
94%
Magnesio +2
93%
Estroncio +2
93%
Bario +2
93%
Radio +2
92%
Hidrógeno +1, -1
88%
Hierro +2, +3
87%
Cobalto +2, +3
85%
Níquel +2, +3
85%
Plata +1
77%
Aluminio +3
77%
Oro +1, +3
75%
Cobre +1, +2
74%
Zinc +2
74%
Cadmio +2
72%
Boro +3
72%
Platino +2, +4
70%
Mercurio +1, +2
69%
Paladio +2, +4
67%
Galio +3
66%
Indio +3
62%
Talio +1, +3
40%
Plomo +2, +4
37%
Oxígeno -2
34%
Estaño +2, +4
34%
Carbono -4, +2, +4
29%
Flúor -1
27%
Germanio +2, +4
25%
Silicio -4, +2, +4
20%
Cloro -1, +1, +3, +5, +7
18%
Bromo -1, +1, +3, +5, +7
18%
Yodo -1, +1, +3, +5, +7
18%
Azufre -2, +2, +4, +6
16%
Selenio -2, +2, +4, +6
15%
Bismuto +3, +5
15%
Telutio -2, +2, +4, +6
14%
Astato -1, +1, +3, +5, +7
12%
Nitrogeno -3, +1, +3, +5
11%
Polonio +2, +4
9%
Fósforo -3, +1, +3, +5
9%
Arsénico -3, +1, +3, +5
9%
Antimonio -3, +1, +3, +5
9%
No se encontraron pruebas coincidentes
Distribución de puntuación
Porcentaje de gente con cada puntuación
Porcentaje por número respondido
Historial de tus puntuaciones
No has intentado esta prueba.